000
00312nam a22001337a 4500
008
180124b xxu||||| |||| 00| 0 eng d
020
_a
9780805349160
041
_a
eng
080
_a
611
100
_a
6
101
_a
ANA
245
_a
Human anatomy& physiology laboratory manual
_c
Marieb,E.N
942
_2
udc
_c
BK
999
_c
40808
_d
40808